LEADER 01615cam a2200361 a 4500 001 000000056135 003 CaOOAMICUS 005 20121011131253.0 008 010329s2000 it d u000 u ita r 020 $a8806156071 035 $a10870630 040 $aPUL$bita 041 1 $aita$hger 100 1 $aBeck, Ulrich,$d1944-$0(OLS)http://pul/name/39416 240 10$aSchöne neue Arbeitswelt : Vision : Weltbürgergesellschaft.$lItaliano.$0(OLS)http://pul/title/75095 245 13$aIl lavoro nell'epoca della fine del lavoro :$btramonto delle sicurezze e nuovo impegno civile /$cUlrick Beck. 260 $aTorino :$bEinaudi,$c2000. 300 $avii, 263 p. :$bgrafici ;$c20 cm 490 1 $aEinaudi contemporanea ;$v79 504 $aBibliografia in nota. 650 4$aLavoro$xAspetti economici e sociali.$0(OLS)http://pul/subject/1142 830 0$aEinaudi contemporanea ;$v79.$0(OLS)http://pul/title/635 850 $aPUL 852 $aPUL$W1$xDP1 Fondo E. Rossi$y115$m1 B 46$j41765$qFondi$B150092$CPULBib$Z2$F150092 $82 852 $aPUL$W1$xSL Religione 2$y84$mRH D3 62$j73687$nBK-PRI$b $qStampati altre collocazioni$B73687$CPULBib$Z2$F73687 $H $81 941 1 $a10 941 1 $a1 961 $aINV: 84741 961 $aSul dorso collocazione ms. di E. Rossi: B 33 2 996 $6020$a8806156071$9(OLS)http://pul/number/70733 996 $6245$aIl lavoro nell'epoca della fine del lavoro :$btramonto delle sicurezze e nuovo impegno civile$9(OLS)http://pul/title/75096 996 $6260$aTorino :$bEinaudi$9(OLS)http://pul/publisher/48130 LEADER 01197nam a2200253 u 4500 001 000000058096 003 CaOOAMICUS 005 20070226120644.0 008 010525s1957 wiu u000 u eng u 035 $a10890398 040 $aPUL(R)$bita 100 1 $aFriedrich, Carl Joachim,$d1901-$0(OLS)http://pul/name/40406 245 10$aConstitutional reason of State :$bthe survival of the Constitutional order /$cC.J. Friedrich. 260 $aProvidence ;$aRhone Island :$bBroun University Press,$c1957. 300 $a131 p. ;$c20 cm 490 1 $aThe Colver Lectures (Brown University) 650 4$aPolitica.$0(OLS)http://pul/subject/480 650 4$aStato$xConcetto.$0(OLS)http://pul/subject/7404 830 4$aThe Colver Lectures (Brown University).$0(OLS)http://pul/title/77801 850 $aPUL 852 $aPUL$W1$xDP1 Altre Collocazioni$y17$mSenza collocazione$j12$nBK-PRI$b $qStampati$B75925$CPULBib$Z2$F75925 $H $81 941 1 $a8 996 $6245$aConstitutional reason of State :$bthe survival of the Constitutional order$9(OLS)http://pul/title/77800 996 $6260$aProvidence ;$aRhone Island :$bBroun University Press$9(OLS)http://pul/publisher/69588